000 00861nam a2200229 a 4500
005 20140310183616.0
008 120904s19uu xx 00 eng d
020 _a9780230103313
050 _aHD 57.7
_b.Z56 2009
100 _aZinni, Anthony C.
245 _aLeading the charge :
_bleadership lessons from the battlefield to the boardroom /
_cTony Zinni and Tony Koltz.
250 _a1st ed
260 _aNew York, United States :
_bPalgrave Macmillan,
_c2009.
300 _a243 p. :
_c23 cm.
500 _aIncludes index
520 _aA retired general examines the leadership challenges of the twenty-first century, addressing outdated practices while citing the importance of tapping the potential of rapidly changing technologies
521 _aBSBA
650 _aLeadership
700 _aKoltz, Tony
942 _cBK
_2lcc
_kFOR
999 _c25328
_d25328